00357nmm a22001337a 450000500170000000800410001704100080005808200110006610000290007724500750010626000090018165000150019065000180020520170210104230.0150728b xxu||||| |||| 00| 0 spa d aspa aMD 229 aMorales Marín, Aracely aInforme de Práctica Supervisada realizado en el Laboratorio Dentalab c2015 aCOSTA RICA aCROMO COBALTO